| 000 | 00905nam a2200301Ia 4500 | ||
|---|---|---|---|
| 003 | OSt | ||
| 005 | 20221006160458.0 | ||
| 006 | a|||||r|||| 00| 0 | ||
| 007 | ta | ||
| 008 | 221006b |||||||| |||| 00| 0 eng d | ||
| 020 |
_a9788994006734 _cW6000 |
||
| 024 | _a45,277 | ||
| 037 |
_bGift, KCC (Window on Korea) _cTextual |
||
| 040 |
_aEASL _cEASL _beng |
||
| 041 |
_2eng _aeng |
||
| 082 | _aO495,3N48, Q3 | ||
| 100 |
_aMun-Yol Yi _9673797 |
||
| 245 | 0 | _aPilon's pig | |
| 260 |
_aSeoul _bAsia Korea _c2013 |
||
| 300 |
_a94p. _ccm. |
||
| 490 |
_v KEL _aBi-lingual edotion modern Korean literature 016 |
||
| 500 | _aBilingual - Korean and English | ||
| 650 | _a KEL | ||
| 650 |
_aKorea - Yi Mun-Yol _9673798 |
||
| 700 |
_a Chang Jamie Tr. _9673799 |
||
| 942 |
_hO495,3N48, Q3 _cTEXL _2CC |
||
| 999 |
_c1113369 _d1113369 |
||